书目信息 |
| 题名: |
土地生态学
|
|
| 作者: | 黄炎和 主编 | |
| 分册: | ||
| 出版信息: | 北京 中国农业出版社 2013.08 |
|
| 页数: | 250页 | |
| 开本: | 20cm | |
| 丛书名: | ||
| 单 册: | ||
| 中图分类: | S154.1-43 | |
| 科图分类: | ||
| 主题词: | 土壤学 | |
| 电子资源: | ||
| ISBN: | 978-7-109-17946-2 | |
| 000 | 00549nam0 2200193 45 | |
| 001 | 2055714411 | |
| 005 | 20201103152937.16 | |
| 010 | @a978-7-109-17946-2@dRMB 34.50 | |
| 100 | @a20201103d2013 km y0chiy0120 ea | |
| 101 | 0 | @achi |
| 102 | @aCN@b110000 | |
| 200 | 1 | @a土地生态学@Atu di sheng tai xue@f黄炎和主编@Fhuang yan he zhu bian |
| 210 | @a北京@c中国农业出版社@d2013.08 | |
| 215 | @a250页@d20cm | |
| 606 | 0 | @a土壤学 |
| 690 | @aS154.1-43@v4 | |
| 701 | 0 | @a黄炎和@Ahuang yan he@4主编 |
| 801 | 0 | @aCN@bPFT@c20201103 |
| 905 | @a10447@dS154.1-43@eH912 | |
| 土地生态学/黄炎和主编.-北京:中国农业出版社,2013.08 |
| 250页;20cm |
| ISBN 978-7-109-17946-2:RMB 34.50 |
| ● |
| 相关链接 |
|
|
|
正题名:土地生态学
索取号:S154.1-43/H912
 
预约/预借
| 序号 | 登录号 | 条形码 | 馆藏地/架位号 | 状态 | 备注 |
| 1 | 1501454 | 215014543 | 自科库401/401自科库 66排6列2层/ [索取号:S154.1-43/H912] | 在馆 |